000 00530nam a2200193Ia 4500
005 20250326140548.0
008 250326s9999 xx 000 0 und d
020 _a0-324-00661-6
037 _aTextbook
040 _aFMSL
_beng
_cFMSL
041 _aeng
_2eng
084 _aX:513 P0
_qFMSL
100 _aOguinn T C
_9742578
245 0 _aAdvertising
_cOguinn T C And Others
260 _aNew York
_bNew York, International Thompson
_c2000
300 _a728p
942 _cTB
_hX:513 P0
999 _c1286323
_d1286323